00939nam a2200241Ia 4500003000400000005001700004008004100021020001500062040001800077041000800095082001800103100003000121245009100151250001200242260006600254300003300320650002800353650003800381650006300419942003100482999001900513952016500532OSt20241009111750.0210716s2003 xx 000 0 und d a0070486689 cAIMIT LIBRARY aeng a382 24bHILC aHill, Charles W .9181920 aInternational business : bcompeting in the global marketplace /cBy Charles W L Hill. a4th ed. aNew Delhi :bTata McGraw Hill Publishing Company Ltd ,c2003. axxviii,703p. ;bPBc28.7 cm aCountry factors9181921 aForeign direct investment9181922 aThe political economy of foreign direct investment9181923 2ddccBKe4th ed.k382 HILC c197570d197570 00102ddc40708MBAaAIMITbAIMITcIBEd2004-04-07g350.00iBill no:5925;Bill dt:2004-05-30l0o382 HILCpMBA00135r2026-05-23 00:00:00v280.00w2021-07-16yBK